[Event "Mechanics' Summer TNM; G/2 d/5"]
[Site "San Francisco"]
[Date "2018.05.29"]
[Round "1.9"]
[White "Walder, Michael S"]
[Black "Casares Jr, Nick"]
[Result "1-0"]
[WhiteElo "2064"]
[BlackElo "1600"]
[PlyCount "56"]
[EventDate "2018.??.??"]
[Source "ChessBase"]
[SourceDate "2007.09.04"]

1. c4 e5 2. g3 Nf6 3. Bg2 Bc5 4. Nc3 c6 5. e3 d5 6. cxd5 cxd5 7. d4 exd4 8.
exd4 Bb6 9. Nge2 O-O 10. O-O h6 11. Be3 Nc6 12. Nf4 Bg4 13. Qa4 Ne7 14. Qb3 Be6
15. h3 Qd7 16. Nxe6 fxe6 17. Rfe1 Nf5 18. Rad1 Bc7 19. Rd3 Nxg3 20. fxg3 Nh5
21. Bf2 Rxf2 22. Kxf2 Rf8+ 23. Kg1 Nxg3 24. Nxd5 Bd6 25. Rxg3 Bxg3 26. Qxg3
exd5 27. Re5 Qb5 28. Qb3 Kh8 1-0

[Event "Mechanics' Spring TNM; G/2 d5"]
[Site "San Francisco"]
[Date "2018.04.03"]
[Round "3.11"]
[White "Walder, Michael S"]
[Black "Drane, Robert"]
[Result "1-0"]
[WhiteElo "2117"]
[BlackElo "1800"]
[PlyCount "47"]
[EventDate "2018.??.??"]
[Source "ChessBase"]
[SourceDate "2007.09.04"]

1. c4 f5 2. g3 Nf6 3. Nf3 e6 4. Bg2 Be7 5. O-O O-O 6. d3 Nc6 7. b3 Qe8 8. Nc3
d6 9. Bb2 Qh5 10. e3 e5 11. Rc1 f4 12. Nd2 Qh6 13. exf4 exf4 14. Nd5 fxg3 15.
fxg3 Bg4 16. Qe1 Bd8 17. Rf4 Re8 18. Ne4 Nxe4 19. Rxe4 Rxe4 20. Qxe4 Qe6 21.
Rf1 Qxe4 22. Bxe4 Rb8 23. Ne3 Bh3 24. Bd5+ 1-0

[Event "Mechanics' Summer TNM; G/2 d/5"]
[Site "San Francisco"]
[Date "2018.06.19"]
[Round "4.13"]
[White "Walder, Michael S"]
[Black "Poling, Scott E"]
[Result "1-0"]
[WhiteElo "2064"]
[BlackElo "1842"]
[PlyCount "61"]
[EventDate "2018.??.??"]
[Source "ChessBase"]
[SourceDate "2007.09.04"]

1. c4 c6 2. Nf3 d5 3. g3 Nf6 4. Bg2 dxc4 5. O-O Nbd7 6. Na3 Nb6 7. Qc2 Be6 8.
Ng5 Qd7 9. Nxe6 Qxe6 10. e4 g6 11. b3 cxb3 12. axb3 Bg7 13. d4 O-O 14. Nc4 Nxc4
15. bxc4 Qc8 16. Bb2 Rd8 17. e5 Ne8 18. f4 e6 19. g4 Nc7 20. Rad1 a5 21. Be4
Na6 22. Qg2 Nb4 23. h4 f5 24. exf6 Bxf6 25. f5 g5 26. hxg5 Bxg5 27. f6 Kf7 28.
Qh3 h6 29. Bg6+ Kf8 30. Bc1 Bxc1 31. Rxc1 1-0

[Event "Mechanics' Shipman TNM; G/2 d/5"]
[Site "San Francisco"]
[Date "2018.08.21"]
[Round "3.5"]
[White "Walder, Michael S"]
[Black "Robeal, Rafik"]
[Result "1-0"]
[WhiteElo "2031"]
[BlackElo "1671"]
[PlyCount "65"]
[EventDate "2018.??.??"]
[Source "ChessBase"]
[SourceDate "2007.09.04"]

1. c4 c6 2. g3 d5 3. Nf3 dxc4 4. Bg2 Nd7 5. O-O Ngf6 6. Qc2 Nb6 7. Na3 Be6 8.
Ng5 Bg4 9. f3 Bh5 10. Nxc4 h6 11. Nh3 Bg6 12. d3 e6 13. Be3 Nbd5 14. Bf2 Be7
15. Rfd1 Qc7 16. a3 O-O 17. Rac1 c5 18. e4 Nb6 19. Nd2 Rac8 20. d4 Nbd7 21. Nf4
Bh7 22. Nd3 b6 23. b4 Qb7 24. dxc5 bxc5 25. bxc5 Nxc5 26. Nxc5 Bxc5 27. Bxc5
Nd7 28. Qb3 Qc6 29. Bxf8 Qxc1 30. Rxc1 Rxc1+ 31. Bf1 Kxf8 32. Qb4+ Ke8 33. Qb2
1-0

[Event "Mechanics' Summer TNM; G/2 d/5"]
[Site "San Francisco"]
[Date "2018.06.12"]
[Round "3.18"]
[White "Walder, Michael S"]
[Black "Waharte, Louka"]
[Result "1-0"]
[WhiteElo "2064"]
[BlackElo "1580"]
[Annotator "Winslow,Elliott"]
[PlyCount "72"]
[EventDate "2018.??.??"]
[Source "ChessBase"]
[SourceDate "2007.09.04"]

1. d4 Nf6 2. c4 g6 3. Nc3 Bg7 4. e4 d6 5. Nf3 O-O 6. Be2 e5 7. Be3 Nc6 {
There's one big reason to play the Gligoric variation!} 8. d5 Ne7 9. Nd2 Nd7
10. O-O (10. b4 $1 {could be stronger, as the queen guards the rook} f5 11. f3)
10... f5 11. f3 f4 12. Bf2 g5 13. b4 Rf7 {
This is NOT the Mar Del Plata variation -- at least not by White!} 14. c5 Nf6
15. Nc4 Bf8 16. cxd6 cxd6 17. Nb5 Ng6 18. Nxa7 {
When that bishop comes off, White can sleep easily.} h5 19. Nxc8 Rxc8 20. a4 g4
21. a5 gxf3 22. gxf3 Rg7 23. Kh1 Ne8 24. b5 Qd7 25. Rg1 Qf7 26. a6 bxa6 27.
bxa6 Nc7 28. Nb6 Rd8 29. a7 Na8 30. Nxa8 Rxa8 31. Qb3 Kh7 32. Qb8 Qb7 33. Rgb1
Qc8 34. Qxc8 Rxc8 35. a8=Q Rxa8 36. Rxa8 Be7 $138 1-0

[Event "Mechanics' Spring TNM; G/2 d5"]
[Site "San Francisco"]
[Date "2018.04.18"]
[Round "5.9"]
[White "Walder, Michael S"]
[Black "Wonsever, James"]
[Result "1-0"]
[WhiteElo "2117"]
[BlackElo "1825"]
[PlyCount "87"]
[EventDate "2018.??.??"]
[Source "ChessBase"]
[SourceDate "2007.09.04"]

1. e4 c5 2. Nf3 e6 3. d4 cxd4 4. Nxd4 Nc6 5. Nc3 Nf6 6. Ndb5 d6 7. Bf4 e5 8.
Bg5 Be7 9. Bxf6 gxf6 10. Nd5 O-O 11. Nxe7+ Nxe7 12. Qxd6 Be6 13. Qxd8 Rfxd8 14.
Nc7 Rac8 15. Nxe6 fxe6 16. Rd1 Rd4 17. Bd3 Rcd8 18. Ke2 Kf7 19. c3 R4d6 20. Bc2
h5 21. h4 b6 22. Rxd6 Rxd6 23. Rd1 Nc8 24. Ke3 Ke7 25. Rxd6 Nxd6 26. b3 f5 27.
g3 Kf6 28. Bd3 Nb7 29. b4 a5 30. a3 Nd6 31. f3 Nb7 32. Ba6 axb4 33. axb4 Nd6
34. c4 Ke7 35. c5 bxc5 36. bxc5 Ne8 37. Bc8 Ng7 38. c6 Kd6 39. Bd7 Ke7 40. Kd3
Kd6 41. Kc4 Kc7 42. Kc5 f4 43. gxf4 exf4 44. Kb5 1-0

[Event "Mechanics' Shipman TNM; G/2 d/5"]
[Site "San Francisco"]
[Date "2018.08.07"]
[Round "1.9"]
[White "Walder, Michael S"]
[Black "Yun, Andrew"]
[Result "1-0"]
[WhiteElo "2031"]
[BlackElo "1557"]
[Annotator "Donaldson"]
[PlyCount "39"]
[EventDate "2018.??.??"]
[Source "ChessBase"]
[SourceDate "2007.09.04"]

1. c4 Nf6 2. g3 g6 3. Bg2 c5 4. Nc3 Nc6 5. Nf3 Bg7 6. O-O O-O 7. d4 cxd4 8.
Nxd4 Nxd4 9. Qxd4 d6 10. Qd3 Rb8 11. b3 (11. Be3 a6 12. Ba7 Ra8 13. Bd4) 11...
Bf5 12. Qe3 b6 (12... a6) 13. Bb2 Qd7 14. Rfd1 Ng4 (14... Bh3) 15. Qd2 Nf6 (
15... Rfc8) 16. Rac1 Rfc8 17. Nd5 Ne4 18. Bxe4 Bxe4 19. Bxg7 Kxg7 $4 ({
Black had to play} 19... Bxd5 {, although after} 20. Qh6 {
White has the better of it.}) 20. Qd4+ 1-0

[Event "Mechanics' Summer TNM; G/2 d/5"]
[Site "San Francisco"]
[Date "2018.06.17"]
[Round "8.8"]
[White "Walters, Kevin"]
[Black "Askin, Michael"]
[Result "1-0"]
[WhiteElo "1865"]
[BlackElo "1982"]
[PlyCount "83"]
[EventDate "2018.??.??"]
[Source "ChessBase"]
[SourceDate "2007.09.04"]

1. e4 c6 2. d4 d5 3. Nc3 dxe4 4. Nxe4 Bf5 5. Ng3 Bg6 6. h4 h6 7. Nf3 Nd7 8. h5
Bh7 9. Bd3 Bxd3 10. Qxd3 e6 11. Bd2 Ngf6 12. O-O-O Be7 13. Ne4 Nxe4 14. Qxe4
Nf6 15. Qe2 Qd5 16. c4 Qe4 17. Qxe4 Nxe4 18. Be3 O-O 19. Ne5 Rfd8 20. g4 Bg5
21. f4 Be7 22. Rhg1 a5 23. Kc2 Rac8 24. g5 hxg5 25. fxg5 Nd6 26. c5 Nf5 27. Bf2
Rd5 28. Nc4 Bd8 29. Rd3 a4 30. Rg4 Ne7 31. Rh3 Rf5 32. Bg3 Rf3 33. Ne5 Rf1 34.
h6 Ng6 35. Nxg6 fxg6 36. hxg7 Kxg7 37. Rgh4 Kf7 38. Rh7+ Ke8 39. Bd6 Rf7 40.
Rxf7 Kxf7 41. Rf3+ Kg7 42. Rf8 1-0

[Event "Mechanics' Summer TNM; G/2 d/5"]
[Site "San Francisco"]
[Date "2018.06.05"]
[Round "2.42"]
[White "Walters, Kevin"]
[Black "Chan, John"]
[Result "1-0"]
[WhiteElo "1865"]
[BlackElo "1522"]
[PlyCount "149"]
[EventDate "2018.??.??"]
[Source "ChessBase"]
[SourceDate "2007.09.04"]

1. e4 e6 2. d4 c6 3. Nf3 h6 4. Bd3 b6 5. O-O d6 6. Nc3 Bb7 7. Re1 Be7 8. Qe2
Nd7 9. Bd2 a6 10. Rad1 Qc7 11. Qe3 g5 12. h3 c5 13. d5 e5 14. a4 Ngf6 15. b3
Nf8 16. Qe2 Qc8 17. Nh2 Ng6 18. Rb1 Nf4 19. Bxf4 gxf4 20. Ng4 Nxg4 21. Qxg4
Qxg4 22. hxg4 h5 23. Be2 h4 24. Kh2 Rb8 25. Rh1 Kf8 26. Kg1 Kg7 27. Rh3 Bc8 28.
Nd1 a5 29. Nc3 Bd7 30. f3 Kg6 31. Bb5 Bxb5 32. Nxb5 Rb7 33. Kf2 Rd7 34. Ke2 Rc8
35. Kd3 Bd8 36. Kc4 Kg7 37. Na3 Kg6 38. Kb5 Rcc7 39. Nc4 Rb7 40. c3 Kg7 41.
Rhh1 Kg6 42. Rb2 Kg5 43. Na3 Rdc7 44. Kc4 Rd7 45. Nb5 Kg6 46. Rhb1 Rb8 47. Na3
Rbb7 48. Kd3 Rb8 49. Rc1 Rbb7 50. Kc4 Rb8 51. Kb5 Rbb7 52. Nc4 $16 Rbc7 53.
Kxb6 $4 Rc8+ 54. Ka6 {Diagram [#]} Rb8 (54... Ra8+ 55. Kb5 Rb8+ 56. Ka6 Kf6 57.
Rh1 Ra8+ 58. Kb5 Rb7+ 59. Kc6 Rab8 60. Kxd6 Rc8 $19) 55. Rcb1 Kg7 (55... Ra8+
56. Kb5 Rb7+ 57. Kc6 Rc7+ 58. Kb5 (58. Kxd6 Ra6+) 58... Rb8+ 59. Ka6 Rcc8 $17)
56. b4 cxb4 57. cxb4 axb4 (57... Ra8+ 58. Kb5 Rb7+ 59. Kc6 Rc7+ 60. Kb5 $11)
58. Rxb4 Ra8+ 59. Kb5 Rc8 $2 (59... Rc7 60. Nxd6 Rb8+ 61. Ka6 Ra8+ 62. Kb5 Rb8+
$11) 60. Nb6 (60. a5) 60... Rc5+ $2 (60... Rb7 61. a5 Rc5+ 62. Ka6 Rcc7) 61.
Ka6 Rdc7 62. Rb5 Rc2 63. R1b2 R7c3 64. a5 Rxb2 65. Rxb2 Ra3 66. Kb5 Rc3 67. a6
Rc5+ 68. Ka4 Rc7 69. Rb4 Kg6 70. Rc4 Ra7 71. Kb5 Kg5 72. Rc8 h3 73. gxh3 Kh4
74. Rxd8 Kxh3 75. Rd7 1-0

[Event "Mechanics' Summer TNM; G/2 d/5"]
[Site "San Francisco"]
[Date "2018.06.26"]
[Round "5.21"]
[White "Walters, Kevin"]
[Black "Sherwood, Peter"]
[Result "1-0"]
[WhiteElo "1865"]
[BlackElo "1625"]
[Annotator "Sherwood"]
[PlyCount "109"]
[EventDate "2018.??.??"]
[Source "ChessBase"]
[SourceDate "2007.09.04"]

1. e4 c5 2. d4 cxd4 3. c3 dxc3 4. Nxc3 a6 5. Nf3 e6 6. Bc4 b5 7. Bb3 Bb7 8. O-O
Bc5 (8... b4) 9. Qe2 d6 10. Rd1 Qc7 11. Bf4 Ne7 12. Rac1 O-O 13. e5 d5 14. Ng5
Ng6 15. Qh5 h6 16. Nh3 Nxf4 17. Nxf4 Nd7 18. Nd3 Rac8 19. Ne2 Qb8 20. Nxc5 Rxc5
21. Rxc5 Nxc5 22. Nd4 Nxb3 23. Nxb3 Rc8 24. Nd4 Rc7 25. Qe2 Qc8 26. h3 Rc1 27.
Nb3 Rxd1+ $6 (27... Rc2 28. Rd2 Rxd2 29. Qxd2 {keeps control of the c-file})
28. Qxd1 Qc4 $6 29. Na5 Qc7 30. Nxb7 Qxb7 31. Qc2 Qd7 32. f4 g6 33. Kf2 Kg7 (
33... Qa7+ $5) 34. Ke2 b4 35. Qc5 Qb5+ $2 (35... Qa4) 36. Qxb5 axb5 37. Ke3 f6
$6 (37... g5 38. fxg5 hxg5 39. Kd4 b3 $1 40. a3 f6 41. exf6+ Kxf6 42. g4 $11 (
42. Kc3 Kf5 43. Kxb3 Kf4 $19)) 38. Kd4 fxe5+ 39. fxe5 g5 40. g4 Kf7 41. Kc5 Ke7
(41... b3 $1) 42. Kxb5 Kd7 43. Kxb4 Kc6 44. a4 Kb6 45. b3 Kc6 46. a5 Kb7 47.
Kc5 Ka6 48. b4 Kb7 49. b5 Kc7 50. b6+ Kb7 51. Kb5 Ka8 52. a6 Kb8 53. Kc6 d4 54.
a7+ Ka8 55. Kc7 1-0

[Event "Mechanics' Winter TNM; G/2 d5"]
[Site "San Francisco"]
[Date "2018.01.09"]
[Round "1.26"]
[White "Wantz, Brian"]
[Black "McKellar, Daniel"]
[Result "0-1"]
[WhiteElo "1298"]
[BlackElo "1829"]
[PlyCount "52"]
[EventDate "2018.??.??"]
[Source "ChessBase"]
[SourceDate "2007.09.04"]

1. e4 c5 2. Nf3 g6 3. d3 Bg7 4. Nc3 Nc6 5. Be3 d6 6. Be2 Nf6 7. h3 O-O 8. O-O
Rb8 9. Nh2 b5 10. a3 a5 11. f4 b4 12. Na4 Nd7 13. c3 e6 14. Bf3 Bb7 15. Ng4 f5
16. Nf2 Qe7 17. Re1 e5 18. exf5 gxf5 19. Bd5+ Kh8 20. fxe5 Ncxe5 21. Bxb7 Rxb7
22. Qh5 f4 23. Bxf4 Rxf4 24. d4 cxd4 25. Nd3 Rh4 26. Qf5 Qf6 0-1

[Event "Mechanics' Winter TNM; G/2 d5"]
[Site "San Francisco"]
[Date "2018.01.16"]
[Round "2.25"]
[White "Warton, Philip"]
[Black "Boldi, Nicholas"]
[Result "1-0"]
[WhiteElo "1797"]
[BlackElo "1559"]
[PlyCount "43"]
[EventDate "2018.??.??"]
[Source "ChessBase"]
[SourceDate "2007.09.04"]

1. d4 e6 2. c4 d5 3. Nc3 Bb4 4. Qa4+ Nc6 5. a3 Bxc3+ 6. bxc3 Bd7 7. cxd5 Nce7
8. Qb3 Nxd5 9. c4 Nb6 10. c5 Ba4 11. Qb4 a5 12. Qb2 Nc4 13. Qc3 Bb5 14. e4 Qh4
15. Bxc4 Qxe4+ 16. Ne2 Bxc4 17. Qxc4 Qxg2 18. Rg1 Qc6 19. a4 g6 20. Bb2 Ne7 21.
Qb5 Qxb5 22. axb5 {White won in another 30 moves.} 1-0

[Event "Mechanics' Winter TNM; G/2 d5"]
[Site "San Francisco"]
[Date "2018.02.13"]
[Round "6.22"]
[White "Warton, Philip"]
[Black "Erickson, Lane"]
[Result "1-0"]
[WhiteElo "1797"]
[BlackElo "1588"]
[PlyCount "75"]
[EventDate "2018.??.??"]
[Source "ChessBase"]
[SourceDate "2007.09.04"]

1. d4 Nf6 2. c4 c5 3. d5 b5 4. cxb5 a6 5. b6 Qxb6 6. Nc3 g6 7. e4 d6 8. f4 Bg7
9. Nf3 O-O 10. Bc4 Bd7 11. O-O Bb5 12. Qb3 Nbd7 13. Re1 Rfb8 14. h3 Qb7 15. e5
Bxc4 16. Qxc4 Nb6 17. Qb3 Ne8 $2 (17... Nfxd5) 18. Rd1 Nc7 19. a4 Qc8 20. Qc2
Qb7 21. Qe4 Nc8 22. a5 Qb4 23. Qd3 c4 24. Qe4 Nb5 25. Be3 Qxb2 26. Na4 Qb3 27.
Rdc1 dxe5 28. fxe5 Ncd6 29. exd6 Nxd6 30. Qf4 Bxa1 31. Rxa1 Rb4 32. Nc5 Qb2 33.
Rf1 c3 34. Nd4 Rc4 35. Nd3 Qa2 36. Qe5 Ra7 37. Bh6 f6 38. Qe6+ 1-0

[Event "Mechanics' Winter TNM; G/2 d5"]
[Site "San Francisco"]
[Date "2018.02.27"]
[Round "8.20"]
[White "Warton, Philip"]
[Black "McEnroe, Glenn Aus"]
[Result "1-0"]
[WhiteElo "1797"]
[BlackElo "1500"]
[Annotator "Donaldson"]
[PlyCount "115"]
[EventDate "2018.??.??"]
[Source "ChessBase"]
[SourceDate "2007.09.04"]

1. g4 e6 2. d4 d5 3. Bg2 c5 4. c3 Nc6 5. dxc5 Bxc5 6. e4 dxe4 7. Qxd8+ Nxd8 8.
Bxe4 Nf6 9. Bf3 Nc6 10. g5 Nd5 11. Ne2 Ne5 12. Be4 Bd7 13. f4 Ng4 14. Bxd5 exd5
15. Nd4 O-O 16. O-O Rfe8 17. h3 Ne3 18. Bxe3 Rxe3 19. Nd2 Bxh3 20. Rf3 Rae8 21.
Kh2 Bf5 ({or} 21... Bg4 22. Rxe3 Rxe3 $17) 22. Rxe3 Rxe3 23. Nf1 Rh3+ (23...
Bxd4 24. cxd4 Rf3 {or} (24... Re2+ {should win.})) 24. Kg2 Bxd4 25. cxd4 Rd3
26. Rc1 g6 27. Rc7 Rxd4 28. Rxb7 a5 29. Kg3 Rd3+ 30. Kf2 Rd4 31. Ke3 (31. Kg3)
31... Rd3+ 32. Ke2 Rd4 33. Ne3 Re4 34. Kf3 Be6 35. Rb5 Rb4 36. Rxb4 axb4 37.
Nc2 b3 38. axb3 Kf8 39. Ke3 Ke7 40. Kd4 Kd6 41. b4 Bf5 42. Ne3 Be6 43. b5 Bd7
44. Nxd5 Bxb5 45. Nf6 Ke6 46. Nxh7 Kf5 47. Ke3 Bc6 48. Nf6 Bb7 49. Nd7 Ba8 50.
b4 Bh1 51. b5 Ke6 52. Nc5+ Kd6 53. Ne4+ Kc7 54. Kd4 Kb6 55. Nd6 Bf3 56. Ke5 Kc5
57. Nxf7 Kxb5 58. Kf6 1-0

[Event "Mechanics' Winter TNM; G/2 d5"]
[Site "San Francisco"]
[Date "2018.01.23"]
[Round "?"]
[White "Warton, Phillip"]
[Black "Maser, Thomas"]
[Result "0-1"]
[WhiteElo "1797"]
[BlackElo "1955"]
[Annotator "Donaldson"]
[PlyCount "82"]
[EventDate "2018.??.??"]
[Source "ChessBase"]
[SourceDate "2007.09.04"]

1. d4 Nf6 2. c4 e6 3. Nc3 c5 4. Nf3 cxd4 5. Nxd4 d6 6. Bg5 Be7 7. Ndb5 Nc6 8.
Bxf6 gxf6 9. Ne4 Qa5+ (9... O-O $1 {as the d6 pawn cannot be safely captured,}
10. Nexd6 (10. Nbxd6 Qa5+ 11. Qd2 f5 12. Nxc8 Raxc8 13. Nc3 Bf6 14. e3 Rfd8 $19
) 10... Qa5+ 11. Qd2 Qxd2+ 12. Kxd2 Rd8 13. c5 b6) 10. Qd2 Qxd2+ 11. Kxd2 O-O
12. e3 a6 13. Nd4 f5 14. Nxc6 bxc6 15. Nc3 Rb8 16. Kc2 c5 17. e4 fxe4 18. Nxe4
d5 19. cxd5 exd5 20. Ng3 Bf6 (20... c4 $1) 21. Rb1 Re8 (21... c4 $1) 22. b3 Bb7
(22... Be6) 23. Bd3 Bc6 (23... c4 $1 24. bxc4 dxc4 25. Bxc4 Rec8 26. Kd3 Rd8+
27. Kc2 Rd4 28. Bd3 Rc8+ 29. Kd2 Bg5+ $19) 24. Rhe1 (24. Bxa6 Ra8) 24... Rxe1
25. Rxe1 c4 26. Bf5 c3 27. Nh5 $1 Bh8 28. Re3 d4 29. Rg3+ Kf8 30. Bxh7 Ke7 31.
Bd3 a5 32. Ng7 a4 33. Rg4 $2 (33. Nf5+ Ke6 34. Rg4 $11) 33... axb3+ 34. axb3
Bxg7 35. Rxg7 Bd5 $19 36. h4 Rxb3 37. h5 Rb2+ 38. Kc1 Rd2 39. h6 Bb3 40. Bc2
Rxc2+ 41. Kd1 d3 0-1

[Event "Mechanics' Spring TNM; G/2 d5"]
[Site "San Francisco"]
[Date "2018.05.01"]
[Round "7.30"]
[White "Whitehead, Paul"]
[Black "Cendejas, Jon Rodo"]
[Result "1-0"]
[WhiteElo "2355"]
[BlackElo "422"]
[PlyCount "73"]
[EventDate "2018.??.??"]
[Source "ChessBase"]
[SourceDate "2007.09.04"]

1. e4 e5 2. Nf3 Nc6 3. Bb5 a6 4. Bxc6 dxc6 5. d4 exd4 6. Qxd4 Qxd4 7. Nxd4 Bd6
8. Nc3 Nf6 9. f3 O-O 10. Be3 Rd8 11. O-O-O Bc5 12. Rhe1 Bd7 13. Kb1 Ne8 14.
Nxc6 bxc6 15. Bxc5 Be6 16. b3 Nd6 17. g4 Nb5 18. Na4 h6 19. c4 Nd6 20. Bf2 f6
21. Nc5 Bf7 22. Kc2 a5 23. a4 Rab8 24. Na6 Rb7 25. Nxc7 Kh7 26. Na6 Rbd7 27.
Bb6 Ra8 28. Nc5 Rb7 29. Nxb7 Nxb7 30. Rd7 Kg6 31. Rxb7 h5 32. gxh5+ Kxh5 33.
Rxf7 Kg6 34. Ra7 Rxa7 35. Bxa7 Kg5 36. Be3+ Kh5 37. b4 1-0

[Event "Mechanics' Winter TNM; G/2 d5"]
[Site "San Francisco"]
[Date "2018.01.23"]
[Round "3.31"]
[White "Wingenroth, Jordan"]
[Black "Cendejas, Juan"]
[Result "0-1"]
[WhiteElo "1400"]
[BlackElo "1716"]
[PlyCount "74"]
[EventDate "2018.??.??"]
[Source "ChessBase"]
[SourceDate "2007.09.04"]

1. e4 e5 2. Nf3 Nc6 3. Bc4 Bc5 4. Nc3 Nf6 5. d3 h6 6. a3 d6 7. h3 Be6 8. Bd2
Qd7 9. Nd5 O-O-O 10. b4 Bb6 11. a4 a5 12. c3 g5 13. Nxb6+ cxb6 14. Qb3 g4 15.
hxg4 Nxg4 16. bxa5 bxa5 17. d4 d5 18. exd5 Bxd5 19. Bxd5 Qxd5 20. Qxd5 Rxd5 21.
c4 Rdd8 22. Nxe5 Rde8 23. O-O-O Ncxe5 24. Rh4 Nd3+ 25. Kc2 Ngxf2 26. Rb1 Re2
27. Rh5 Nb4+ 28. Kc1 Na2+ 29. Kc2 Ne4 30. Kd3 Rxd2+ 31. Kxe4 Nc3+ 32. Kf3 Nxb1
33. c5 Rxd4 34. c6 bxc6 35. Rc5 Kb7 36. Rc1 Rb4 37. Ke3 Rd8 0-1

[Event "Mechanics' Winter TNM; G/2 d5"]
[Site "San Francisco"]
[Date "2018.01.09"]
[Round "1.20"]
[White "Wingenroth, Jordan"]
[Black "Kuczek, Kevin W"]
[Result "0-1"]
[WhiteElo "1400"]
[BlackElo "1916"]
[PlyCount "76"]
[EventDate "2018.??.??"]
[Source "ChessBase"]
[SourceDate "2007.09.04"]

1. Nf3 f5 2. d3 Nf6 3. g3 Nc6 4. Bg2 e5 5. Bg5 Bc5 6. Nc3 Bb4 7. a3 Bxc3+ 8.
bxc3 d5 9. Nd2 O-O 10. e4 dxe4 11. dxe4 h6 12. Bxf6 Qxf6 13. O-O f4 14. Nb3 f3
15. Bh1 Bh3 16. Re1 Rad8 17. Qc1 Ne7 18. Qe3 b6 19. Rad1 Rxd1 20. Rxd1 Ng6 21.
Rd3 $2 {Diagram [#]} (21. Nd2) 21... Nf4 $1 22. Rd2 Ne2+ 23. Rxe2 fxe2 24. Qxe2
Kh8 25. c4 Bg4 26. Qe3 Rd8 27. f3 Rd1+ 28. Kg2 Bxf3+ 29. Qxf3 Qxf3+ 30. Kxf3
Rxh1 31. h4 c5 32. a4 Rh2 33. Kg4 g6 34. Nc1 Rxc2 35. Nd3 Rxc4 36. h5 Rxe4+ 37.
Kf3 Rxa4 38. hxg6 e4+ 0-1

[Event "Mechanics' Winter TNM; G/2 d5"]
[Site "San Francisco"]
[Date "2018.02.06"]
[Round "5.25"]
[White "Wingenroth, Jordan"]
[Black "Warton, Philip"]
[Result "0-1"]
[WhiteElo "1400"]
[BlackElo "1797"]
[Annotator "Donaldson"]
[PlyCount "60"]
[EventDate "2018.??.??"]
[Source "ChessBase"]
[SourceDate "2007.09.04"]

1. e4 c5 2. Nc3 d6 3. Nf3 Nf6 4. d4 cxd4 5. Nxd4 a6 6. Bg5 e6 7. Bd3 Be7 8. O-O
Nbd7 9. a3 Nxe4 $4 {Diagram [#]} 10. Bxe7 $2 (10. Nxe4 $1 Bxg5 11. Nxd6+ Ke7
12. Nxf7 Kxf7 13. Nxe6 Kxe6 14. Bc4+ Ke7 15. Re1+ Kf8 16. Qd5 Ne5 17. Qxe5 Bg4
18. h3 Bf6 19. Qc5+ Be7 20. Qe3 Bh5 21. g4 Bf7 22. Bxf7 Kxf7 23. Qe6+ Ke8 24.
Rad1 Qc7 25. Re4 $18 {
is Stockfish - what human would find Nxf7 followed by Nxe6?}) 10... Nxc3 11.
Bxd8 Nxd1 12. Raxd1 Kxd8 13. Nf3 Ke7 14. b4 b5 15. Rfe1 Bb7 16. Nd4 g6 17. Re3
Nb6 18. Nb3 Nd5 19. Ree1 Nf4 20. Bf1 Rac8 21. Rd2 e5 22. g3 Ne6 23. Red1 Ng5
24. Rxd6 Nf3+ 25. Kg2 Nd4+ 26. Kh3 Kxd6 27. Nc5 Rxc5 28. bxc5+ Kxc5 29. c3 Nf3
30. Rd7 Bc8 0-1

[Event "Mechanics' Shipman TNM; G/2 d/5"]
[Site "San Francisco"]
[Date "2018.09.04"]
[Round "5.25"]
[White "Wingenroth, Jordan"]
[Black "Xu, Jayden"]
[Result "1/2-1/2"]
[WhiteElo "1421"]
[BlackElo "1694"]
[PlyCount "77"]
[EventDate "2018.??.??"]
[Source "ChessBase"]
[SourceDate "2007.09.04"]

1. e4 e6 2. Nc3 d5 3. exd5 exd5 4. d4 Bb4 5. Bd2 Nc6 6. a3 Ba5 7. Bb5 Nge7 8.
Nf3 a6 9. Ba4 Bg4 10. h3 Bh5 11. g4 Bg6 12. Ne5 b5 13. Nxc6 Nxc6 14. b4 Qe7+
15. Be3 Be4 16. f3 Bxc2 17. Bxc2 Qxe3+ 18. Qe2 Qxe2+ 19. Nxe2 Bb6 20. O-O-O O-O
21. Nf4 Nxd4 22. Nxd5 Nxc2 23. Kxc2 Ba7 24. Kb2 Bb6 25. Rc1 Ra7 26. Rc6 Rb7 27.
Rhc1 Re8 28. Nxc7 Bxc7 29. Rxc7 Rbb8 30. R1c3 g6 31. Kb3 Kg7 32. a4 bxa4+ 33.
Kxa4 Re2 34. Ra7 Re6 35. Rc4 Re1 36. Rf4 Ra1+ 37. Kb3 Rf8 38. Kc2 Ra4 39. Kb3
1/2-1/2

[Event "Mechanics' Walter Shipman TNM G/2 d/5"]
[Site "San Francisco"]
[Date "2018.10.02"]
[Round "9.2"]
[White "Winslow, Elliott"]
[Black "Askin, David"]
[Result "1-0"]
[WhiteElo "2292"]
[BlackElo "2001"]
[Annotator "Winslow,Elliott"]
[PlyCount "94"]
[EventDate "2018.??.??"]
[Source "ChessBase"]
[SourceDate "2007.09.04"]

1. d4 Nf6 2. c4 e6 3. Nf3 Bb4+ 4. Nbd2 O-O 5. a3 Be7 6. e4 d6 7. g3 {Rare} (7.
Bd3) (7. Be2) (7. Qc2) (7. b4) (7. b3) 7... a5 $146 (7... Nbd7) (7... c5) (7...
d5) (7... b6) 8. b3 Nbd7 9. Bg2 c5 10. Bb2 Qc7 11. O-O Rd8 12. Qe2 Ne8 13. Rac1
Bf6 14. e5 Be7 15. Ne4 cxd4 16. exd6 Nxd6 17. Nxd4 Nxe4 18. Bxe4 Nf6 19. Nb5 {
[#]} Qc5 (19... Qb6 $2 20. Bxf6 $1 Bxf6 (20... gxf6 21. c5 $1 Bxc5 22. Qh5 $1
e5 23. Rxc5 $1 Qxc5 24. Qh6 $1 Be6 25. Bxh7+ Kh8 26. Be4+ Kg8 27. Rc1 Qxc1+ $18
) 21. c5 Qa6 22. c6 h6 (22... bxc6 23. Rxc6 Qb7 24. Rd6) (22... Qb6 23. c7 Re8
24. Rfd1 Be7 25. Qd3 f5 26. Bg2 Ra6 27. a4 Rf8 28. Rc4 Ra8 29. Qe2 Bc5 30. Rd8)
) 20. Rfd1 $2 {I tell the beginners' and juniors' class on Saturday how much I
like my king bishop, I have threats on the kingside, I have pressure on the
queenside keeping Black undeveloped -- and then I play this! ALL these are
better:} (20. Bg2 $1) (20. Bh1 $1) (20. Bf3 $1) (20. Bc2) (20. Bb1) 20... Nxe4
$11 (20... Rxd1+ 21. Rxd1 Nxe4 22. Qxe4 f6) 21. Qxe4 (21. Rxd8+ Bxd8 22. Qxe4)
21... Qb6 $2 (21... Bd7 22. Qxb7 Rab8 23. Qf3 Bc6 24. Qe2 Rxd1+ 25. Rxd1 Bxb5
26. cxb5 Qxb5 27. Rd3 Qf5 $11) (21... Qc6 $11) (21... Rxd1+ 22. Rxd1 Qc6 $11)
22. Be5 (22. Rxd8+ $1 Qxd8 23. Be5 $1 $16) 22... Qc6 (22... Rd7 $5) 23. Rxd8+
Bxd8 24. Rd1 $2 (24. Qd4 $1 Be7 25. Bxg7 e5 26. Bxe5 Bh3 27. Qd5 Rd8 28. Qxc6
bxc6 29. Nd4 Bc5 30. Rd1 Rd7 $14) 24... Be7 25. Qg4 (25. Qd4 f6 26. Bd6) 25...
f6 26. Bd6 e5 27. Qe2 Qd7 $2 (27... Bh3 28. f3 Bd8 29. c5 Bd7 30. Nc3 Be6 31.
b4 axb4 32. axb4 Bb3 $11) 28. c5 (28. Bxe5 Qc6 (28... Qe6 29. Nc7 Qxe5 30. Qxe5
fxe5 31. Nxa8 $18)) (28. Nc7 $1 Ra7 29. Bxe5 Qc6 30. Bd4 b6 31. Nd5 Bxa3 32.
Bxb6) 28... Ra6 29. Bxe7 (29. Qc4+ $18) (29. Qd3 $18) (29. b4 $18) 29... Qxe7
30. Nd6 Be6 (30... Ra8 $8 $16) 31. Qb5 (31. Nxb7 Qxb7 $2 32. Rd8+ Kf7 33. Qh5+
Ke7 34. Qe8#) 31... Bg4 32. Rd2 e4 (32... Bf3 33. Nxb7 $1) 33. Qxb7 Qxb7 34.
Nxb7 e3 35. fxe3 Re6 36. Kf2 Re5 37. Rd8+ Kf7 38. Nd6+ Kg6 39. b4 Rd5 40. Nb7
Rf5+ 41. Ke1 axb4 42. axb4 Bf3 43. Na5 (43. Nd6) 43... Re5 44. Kd2 Bg2 45. c6
Rb5 46. c7 Bh3 47. Kc3 Rb7 1-0